|
|
|
|
| LEADER |
00000naa a2200000uu 4500 |
| 001 |
vtls010960841 |
| 003 |
SK-MaSNL |
| 005 |
20260302144155.0 |
| 008 |
210906|1997 xo |||||||||||||||||eng| |
| 015 |
|
|
|a SNBRA
|
| 035 |
|
|
|a (urnnbn)urn:nbn:sk:snk:ar-a0brnh
|
| 035 |
|
|
|a (uuid)28f3cd7f-9e97-47c6-a3dc-7e20bea1ac14
|
| 035 |
|
|
|a urn:nbn:sk:snk-aaujbh
|
| 040 |
|
|
|a SNKBUCL
|b slo
|c SNKBUCL
|e AACR2
|
| 041 |
0 |
|
|a eng
|
| 044 |
|
|
|a xo
|c SK
|
| 100 |
1 |
|
|a Péchy, Žigmund,
|d 1945-
|4 aut
|9 258307
|
| 245 |
1 |
0 |
|a Developing Reading Skills For Understanding Technical Vocabulary
|c Žigmund Péchy
|
| 773 |
0 |
|
|t Second Slovak ESP Conference Košice, 30 May - 1 June 1996
|d Bratislava : The British Council, 1997
|g S. 68-72
|z 8096775227
|
| 958 |
|
|
|a OND
|
| 958 |
|
|
|a article11
|
| 958 |
|
|
|a chapter
|
| 999 |
|
|
|c 1347809
|d 1349739
|